|
|
|
|
| LEADER |
00000cam a2200000 7i4500 |
| 001 |
0000004763 |
| 002 |
000005135 |
| 005 |
20080125.0 |
| 020 |
|
|
|a 0393027694
|
| 090 |
0 |
0 |
|a 808.8004
|b PAR
|
| 245 |
0 |
4 |
|a The Paris review anthology
|c edited by George Plimton
|
| 260 |
|
|
|a New York :
|b W.W.Norton & Company ,
|c 1990
|
| 300 |
|
|
|a 685 p. ;
|c 23 cm.
|
| 650 |
0 |
0 |
|a Literature, Modern
|y 20th century
|
| 650 |
0 |
0 |
|a Literature,Mordern
|y 20th century
|x History and criticism
|
| 700 |
1 |
|
|a Plimton, George
|
| 999 |
|
|
|a 037506
|b BUKU
|c PINJAMAN
|e PERPUSTAKAAN KOMUNITI PETALING JAYA
|
| 999 |
|
|
|a 037507
|b BUKU
|c PINJAMAN
|e PERPUSTAKAAN KOMUNITI PETALING JAYA
|